000 00615nam a2200217 i 4500
001 C2-0244742
003 PPAK
005 20180727205929.0
008 030116s1971 my |||| ||||| | eng d
040 _aPPAK
_beng
_cPPAK
_erda
082 0 4 _a307.09595123
_223
090 0 0 _a307.09595123
_bSHU
_dKK
100 0 _aShukor Kassim,
_eauthor
245 1 0 _aPahang Tenggara Regional Masterplanning Study
264 1 _aPulau Pinang :
_bUniversiti Pulau Pinang ,
_c1971
300 _a27 pages ;
_c35 cm
336 _2rdacontent
_atext
337 _2rdamedia
_aunmediated
338 _2rdacarrier
_avolume
942 _ddc
_cB
999 _c58932
_d58932